Whole-life costs (Record no. 75987)

MARC details
000 -LEADER
fixed length control field 00893cab a2200181 4500
001 - CONTROL NUMBER
control field ##L131211
008 - FIXED-LENGTH DATA ELEMENTS--GENERAL INFORMATION
fixed length control field 051007n2005 000 0 eng u
035 ## - SYSTEM CONTROL NUMBER
System control number (Sirsi) u131211
041 0# - LANGUAGE CODE
Language code of text/sound track or separate title eng
100 1# - MAIN ENTRY--PERSONAL NAME
Personal name Weight, David
245 00 - TITLE STATEMENT
Title Whole-life costs
260 ## - PUBLICATION, DISTRIBUTION, ETC.
Date of publication, distribution, etc. 2005
490 #0 - SERIES STATEMENT
Series statement Building
Volume/sequential designation 270(38) 23 September 2005, 64-69(6)
520 ## - SUMMARY, ETC.
Summary, etc. Hospital designers face major challenges in the light of the current tension between the economy of plan and operational flexibility required by the healthcare provider, and the quality of environment demanded by users of the building, particularly patients. The article uses a number of varying scenarios to examine the differences in capital, energy, and repair and maintenance costs between deep-plan, shallow-plan and courtyard-based hospital designs.
590 ## - LOCAL NOTE (RLIN)
Local note IKA111005
690 ## - LOCAL SUBJECT ADDED ENTRY--TOPICAL TERM (OCLC, RLIN)
Topical term or geographic name as entry element BUILT ENVIRONMENT-BUILDING COSTS
942 ## - ADDED ENTRY ELEMENTS (KOHA)
Suppress in OPAC 0
Holdings
Withdrawn status Lost status Source of classification or shelving scheme Damaged status Not for loan Home library Current library Shelving location Date acquired Total Checkouts Full call number Barcode Date last seen Copy number Price effective from Koha item type
    Dewey Decimal Classification     London London Journal article 07/10/2005   L131211 131211-1001 06/08/2019 1 06/08/2019 Journal article